<?xml version="1.0" encoding="UTF-8"?>
<record
    xmlns:xsi="http://www.w3.org/2001/XMLSchema-instance"
    xsi:schemaLocation="http://www.loc.gov/MARC21/slim http://www.loc.gov/standards/marcxml/schema/MARC21slim.xsd"
    xmlns="http://www.loc.gov/MARC21/slim">

  <leader>01676nas a22002537a 4500</leader>
  <datafield tag="999" ind1=" " ind2=" ">
    <subfield code="c">40845</subfield>
    <subfield code="d">40845</subfield>
  </datafield>
  <controlfield tag="005">20200515100515.0</controlfield>
  <controlfield tag="007">cz aa aaaaa</controlfield>
  <controlfield tag="008">200428c           b||poo|||| 00| 0 eng d</controlfield>
  <datafield tag="022" ind1=" " ind2=" ">
    <subfield code="a">2455-1627</subfield>
  </datafield>
  <datafield tag="040" ind1=" " ind2=" ">
    <subfield code="c">oclc</subfield>
  </datafield>
  <datafield tag="082" ind1=" " ind2=" ">
    <subfield code="a">658</subfield>
    <subfield code="b">JOU/M</subfield>
  </datafield>
  <datafield tag="210" ind1=" " ind2=" ">
    <subfield code="a">Int. J. Commerce Manag. Res.</subfield>
  </datafield>
  <datafield tag="245" ind1=" " ind2=" ">
    <subfield code="a">International Journal of Commerce and Management Research</subfield>
    <subfield code="h">e-Journal (Open Access)</subfield>
  </datafield>
  <datafield tag="260" ind1=" " ind2=" ">
    <subfield code="b">Gupta Publications</subfield>
    <subfield code="a">Delhi, India </subfield>
  </datafield>
  <datafield tag="300" ind1=" " ind2=" ">
    <subfield code="a">PDF(online)</subfield>
  </datafield>
  <datafield tag="310" ind1=" " ind2=" ">
    <subfield code="a">Bi-Monthly</subfield>
  </datafield>
  <datafield tag="365" ind1=" " ind2=" ">
    <subfield code="e">Open Access</subfield>
  </datafield>
  <datafield tag="500" ind1=" " ind2=" ">
    <subfield code="a">International Journal of Commerce and Management Research is a peer reviewed, refereed, open access journal that publishes papers on areas of management such as Human Resource Management, Organizational Behavior and Organizational Management, International Business, Knowledge Management, Environmental Management, Data Analysis and Decision Making, Technology and Operations Management, Strategic Decision Making, Negotiations and Competitive Decision Making, Ethics in Management, Corporate Governance, Corporate Social Responsibility, Entrepreneurship and Innovation, Public Management, Rural Management, General Management, Hotel Management, Intellectual Property Rights, Education Management, Communication Management, Lifecycle Management, Spiritual Management, Tourism Management, Hospitality Management, Leisure Management, Inventory Management, Waste Management, Hospital Management, etc.</subfield>
  </datafield>
  <datafield tag="650" ind1=" " ind2="0">
    <subfield code="a">Technology</subfield>
    <subfield code="v">Management</subfield>
    <subfield code="z">Management &amp;amp; auxiliary services</subfield>
    <subfield code="9">2324</subfield>
  </datafield>
  <datafield tag="651" ind1=" " ind2="0">
    <subfield code="9">2254</subfield>
    <subfield code="a">India</subfield>
  </datafield>
  <datafield tag="655" ind1=" " ind2="0">
    <subfield code="9">2257</subfield>
    <subfield code="a">e-Journal</subfield>
  </datafield>
  <datafield tag="856" ind1=" " ind2=" ">
    <subfield code="u">http://www.managejournal.com/</subfield>
  </datafield>
  <datafield tag="942" ind1=" " ind2=" ">
    <subfield code="2">ddc</subfield>
    <subfield code="c">EJ</subfield>
    <subfield code="h">658</subfield>
    <subfield code="k">658</subfield>
    <subfield code="m">JOU/M</subfield>
  </datafield>
</record>
